000
00327nam a2200133Ia 4500
008
240624s9999 xx 000 0 und d
041
_a
eng
082
_a
004.25 DEN
100
_a
DENNIS ALAN
245
_a
SYSTEMS ANALYSIS AND DESIGN AN APPLIED A
260
_c
2002
_a
Singapore
_b
John Wiley
300
_a
xi, : 516
365
_c
RS
999
_c
1361
_d
1361